000 00720nam a22002177a 4500
005 20140425142850.0
010 _aENG-109497
020 _c995.00
_a9788125052708
035 _aEN-93030
037 _bDBAD/PUB
082 _a320.071054
245 0 0 _aCritical studies in politics :
_cedited by Nivedita Menon, Aditya Nigam [and] Sanjay Palshikar
_bexploring sites, selves, power /
260 _aNew Delhi
_bOrient Blakswan
_c2014
270 _a1/24 Asaf Ali Road
_bNew Delhi
_e110002
300 _avi,553p.
_c24cm(Hb)
500 _aIncludes bibliographical references
700 _aMenon, Nivedita
700 _aNigam, Aditya
700 _aPalshikar, Sanjay
942 _2ddc
_cEN
_mCRI
_h320.071054
999 _c82827
_d82827